000
00239 a2200085 4500
020
_a
9781848223264
100
_a
Ike Ijeh
245
_a
Designing London: Understanding the Character of the City
260
_b
Lund Humphries Publishers
_c
2020
999
_c
13513
_d
13513